| 000 | 00666nam a2200241Ia 4500 | ||
|---|---|---|---|
| 003 | OSt | ||
| 005 | 20220918183519.0 | ||
| 006 | a|||||r|||| 00| 0 | ||
| 007 | ta | ||
| 008 | 220917b |||||||| |||| 00| 0 eng d | ||
| 024 | _a38,548 | ||
| 037 | _cTextual | ||
| 040 |
_aARTS _cARTS _beng |
||
| 041 |
_2eng _aeng |
||
| 082 | _aO15:9x8:1, E1 | ||
| 100 | _aMammata | ||
| 245 | 0 | _aKavya prakasha with Sanskrit comms Udyotta and pradipa of Nagojibhatta and Govinda Thakkura | |
| 260 | _c1911 | ||
| 490 | _aAnandasrama sanskrit series; 66 | ||
| 650 | _aENGLISH LITERATURE | ||
| 942 |
_hO15:9x8:1, E1 _cTEXL _2CC |
||
| 999 |
_c172898 _d172898 |
||